Fractal geometry: mathematical foundations and applications

Gardado en:
Detalles Bibliográficos
Autor Principal: Falconer, Kenneth (Author)
Formato: Libro
Idioma:inglés
Publicado: Hoboken John Wiley 2003
Edición:2a. ed
Subjects:
Tags: Engadir etiqueta
Sen Etiquetas, Sexa o primeiro en etiquetar este rexistro!

MARC

LEADER 00000nam a2200000 a 4500
001 UCK2248
003 CL-VaPUC
008 041229e20030000us |||||||||||||||||eng|d
020 |a 0470848626 
082 0 4 |a 514.742  |b FAL  |2 21 
100 0 |a Falconer, Kenneth  |e author  |9 490050 
245 1 0 |a Fractal geometry: mathematical foundations and applications 
250 |a 2a. ed 
300 |a 337 p 
942 |c BK 
945 |d 20041229 00:00:00  |a vberengu 
260 |a Hoboken  |b John Wiley  |c 2003 
650 7 |a FRACTALES  |2 CL-VaPUC  |9 266326 
583 |a last modification  |c 20171221 02:29:50  |k Rodrigo Vera 
999 |c 311837  |d 311835 
952 |0 0  |1 0  |4 0  |6 514_742000000000000_FAL_2003  |7 0  |8 A  |9 381509  |a BIBMAT  |b BIBMAT  |d 2019-11-21  |i 4090446  |l 2  |o 514.742 FAL 2003  |p 4090446  |r 2025-04-21  |s 2025-04-14  |w 2019-11-21  |y BK  |k MAT